| 000 | 00714nam a2200193Ia 4500 | ||
|---|---|---|---|
| 005 | 20260429112340.0 | ||
| 008 | 260429s9999||||xx |||||||||||||| ||und|| | ||
| 020 | _a9788178541570 | ||
| 041 | _aHindi | ||
| 082 |
_a901 _bKUJ |
||
| 100 | _aकुजूर, स्कालस्टिका | ||
| 245 | 0 |
_aवेदों एवं पुराणों में आर्य एवं जनजाति संस्कृति / _cस्कालस्टिका कुजूर |
|
| 250 | _a1st ed. | ||
| 260 |
_aदिल्ली : _bईस्टर्न बुक लिंकर्स, _c2009. |
||
| 300 | _a446 p.; Hb | ||
| 440 | _vखंड- 1 | ||
| 650 | _aPhilosophy & theory | ||
| 942 | _cTB | ||
| 999 |
_c53628 _d53628 |
||